[Event "Mistrzostwa Woj. Podkarpackiego w szacha"]
[Site "Pstragowa"]
[Date "2015.??.??"]
[Round "3.1"]
[White "Gaj, Szymon"]
[Black "Pulik, Krzysztof"]
[Result "0-1"]
[WhiteElo "1753"]
[BlackElo "2117"]
[PlyCount "106"]
[EventDate "2015.??.??"]

1. d4 d5 2. c4 e6 3. Nc3 c5 4. cxd5 exd5 5. Nf3 Nc6 6. g3 Nf6 7. Bg2 Be7 8. O-O
O-O 9. Bg5 c4 10. Qc2 h6 11. Bf4 Bg4 12. Rad1 Qb6 13. Be5 Rad8 14. Qd2 Be6 15.
Rfe1 Ng4 16. Bf4 f5 17. h3 Nf6 18. Ne5 Nxe5 19. Bxe5 Ne4 20. Qc2 a6 21. e3 Qc6
22. Ne2 g6 23. Nf4 Bf7 24. Bxe4 fxe4 25. Qe2 g5 26. Qg4 Qd7 27. Qxd7 Rxd7 28.
Ne2 b5 29. g4 Be6 30. Ng3 Rb7 31. Kg2 b4 32. Rc1 a5 33. Rf1 a4 34. f4 b3 35. a3
Rc8 36. f5 Bf7 37. Rc3 Rc6 38. f6 Bd8 39. Nf5 Ba5 40. Rcc1 Kf8 41. h4 gxh4 42.
Rh1 Bg6 43. Ne7 Rxe7 44. fxe7+ Kxe7 45. Rxh4 Bd2 46. Rf1 Bxe3 47. Bg7 Bg5 48.
Rh3 e3 49. Kf3 Be4+ 50. Kg3 c3 51. bxc3 e2 52. Rg1 Rxc3+ 53. Kh2 Bf4+ 0-1

[Event "Mistrzostwa Woj. Podkarpackiego w szacha"]
[Site "Pstragowa"]
[Date "2015.??.??"]
[Round "3.2"]
[White "Swiech, Joanna"]
[Black "Mis, Mieszko"]
[Result "0-1"]
[WhiteElo "1729"]
[BlackElo "1819"]
[PlyCount "70"]
[EventDate "2015.??.??"]

1. c4 e5 2. g3 Nc6 3. Bg2 g6 4. Nc3 Bg7 5. Nf3 Nge7 6. O-O O-O 7. e3 d6 8. d4
exd4 9. exd4 Bg4 10. Ne2 Nf5 11. d5 Bxf3 12. Bxf3 Ne5 13. Qb3 a5 14. Be4 Qd7
15. Bf4 Ra6 16. Qc2 Rb6 17. Rab1 Re8 18. b3 Nh6 19. Kg2 f5 20. Bd3 Nhf7 21. Be3
Ra6 22. Nf4 Ng4 23. Bd2 Raa8 24. Ne6 Nfe5 25. Bc3 Rxe6 26. dxe6 Qc6+ 27. Kh3
Nf3 28. Bxg7 Kxg7 29. Bxf5 Ng5+ 30. Kh4 Nxh2 31. Kxg5 Qf3 32. Qb2+ Kg8 33. g4
Rf8 34. e7 Rxf5+ 35. Kh4 Qxg4# 0-1

[Event "Mistrzostwa Woj. Podkarpackiego w szacha"]
[Site "Pstragowa"]
[Date "2015.??.??"]
[Round "3.4"]
[White "Czopor, Maciej"]
[Black "Kucharski, Bartlomiej"]
[Result "0-1"]
[WhiteElo "1714"]
[BlackElo "1454"]
[PlyCount "70"]
[EventDate "2015.??.??"]

1. c4 Nf6 2. Nc3 g6 3. g3 Bg7 4. Bg2 e5 5. d3 d6 6. e4 Nc6 7. Nge2 O-O 8. O-O
Be6 9. f4 Bg4 10. h3 Bxe2 11. Nxe2 Nd7 12. f5 Nc5 13. a3 a5 14. b3 Rb8 15. Nc3
Nd4 16. b4 Ncb3 17. Rb1 Nxc1 18. Qxc1 axb4 19. axb4 Ra8 20. Qd2 c6 21. g4 Ra3
22. Kh2 Bf6 23. Qc1 Ra7 24. b5 Bg5 25. Qb2 Bf4+ 26. Kh1 Qh4 27. Qf2 Bg3 28. Qb2
gxf5 29. gxf5 Kh8 30. Ne2 Nxe2 31. Qxe2 Rg8 32. bxc6 bxc6 33. Rb6 Bf4 34. Qf3
Rg3 35. Qf2 Rxh3+ 0-1

[Event "Mistrzostwa Woj. Podkarpackiego w szacha"]
[Site "Pstragowa"]
[Date "2015.??.??"]
[Round "3.5"]
[White "Nowakowski, Jacek"]
[Black "Czernikowska, Laura"]
[Result "1-0"]
[WhiteElo "1677"]
[BlackElo "1175"]
[PlyCount "79"]
[EventDate "2015.??.??"]

1. d4 d5 2. Bg5 Nc6 3. c3 h6 4. Bh4 Nf6 5. Bxf6 gxf6 6. e3 e5 7. Bb5 Bf5 8.
dxe5 fxe5 9. Qh5 Qg5 10. Qxg5 hxg5 11. Nd2 a6 12. Ba4 f6 13. O-O-O Rd8 14. Bc2
Bxc2 15. Kxc2 Bc5 16. Nb3 Bb6 17. Ne2 Ne7 18. h3 c6 19. Rhf1 Rf8 20. c4 dxc4
21. Nd2 Ng6 22. Nxc4 Rxd1 23. Rxd1 Bc7 24. Nc3 Ke7 25. Ne4 Rd8 26. Nc5 Rxd1 27.
Kxd1 b6 28. Nxa6 b5 29. Nxc7 bxc4 30. Kc2 Kd7 31. Na6 Nh4 32. g3 Ng6 33. Kc3 f5
34. Kxc4 f4 35. Nc5+ Ke7 36. Ne4 fxg3 37. fxg3 Nf8 38. Nxg5 Ne6 39. Nxe6 Kxe6
40. e4 1-0

[Event "Mistrzostwa Woj. Podkarpackiego w szacha"]
[Site "Pstragowa"]
[Date "2015.??.??"]
[Round "3.6"]
[White "Wasik, Roman"]
[Black "Kozubal, Aleksandra"]
[Result "1-0"]
[WhiteElo "1551"]
[BlackElo "1554"]
[PlyCount "129"]
[EventDate "2015.??.??"]

1. Nf3 d5 2. d4 Nf6 3. c4 c6 4. cxd5 cxd5 5. Nc3 Nc6 6. Bf4 a6 7. e3 g6 8. Be2
Bg7 9. Ne5 O-O 10. Nxc6 bxc6 11. O-O Bf5 12. Qb3 Qd7 13. Rac1 Qa7 14. Na4 Ne4
15. Rfd1 Rac8 16. Nb6 a5 17. Nxc8 Rxc8 18. Qa4 c5 19. f3 Nf6 20. dxc5 Rxc5 21.
Qb3 h6 22. Qb8+ Qxb8 23. Bxb8 Rxc1 24. Rxc1 Nd7 25. Rc8+ Kh7 26. b3 Bb1 27. a3
Bb2 28. b4 axb4 29. axb4 d4 30. exd4 Bxd4+ 31. Kf1 Bf5 32. Bg3 Nb6 33. Rb8 Nd5
34. Bf2 Bc3 35. b5 Be5 36. Rd8 Be6 37. b6 Nb4 38. Bb5 Bd5 39. Bc5 Bc6 40. Be2
Nd5 41. g3 g5 42. Ba6 Nf6 43. Bxe7 Nd7 44. b7 Nb8 45. Bd3+ Kg7 46. Be4 Bb5+ 47.
Kf2 Bc7 48. Rc8 Be5 49. Kg2 Bd7 50. Rc5 f6 51. Rxe5 fxe5 52. Bd6 Na6 53. Bxe5+
Kf7 54. b8=Q Nxb8 55. Bxb8 Kf6 56. g4 Bc8 57. Kg3 Ba6 58. Bd6 Kf7 59. Be5 Bc8
60. h4 Be6 61. hxg5 hxg5 62. Kf2 Ke7 63. Ke3 Kf7 64. Kd4 Ke7 65. Kc5 1-0

[Event "Mistrzostwa Woj. Podkarpackiego w szacha"]
[Site "Pstragowa"]
[Date "2015.??.??"]
[Round "3.7"]
[White "Jurkiewicz, Zuzanna"]
[Black "Babiarz, Arkadiusz"]
[Result "0-1"]
[WhiteElo "1457"]
[BlackElo "1471"]
[PlyCount "90"]
[EventDate "2015.??.??"]

1. e4 c5 2. Nf3 e6 3. d4 cxd4 4. Nxd4 a6 5. c3 Qc7 6. g3 Nf6 7. Bg2 Be7 8. O-O
Nc6 9. Be3 O-O 10. Nd2 d6 11. Qe2 Bd7 12. Rfe1 Ne5 13. h3 Rac8 14. Rac1 Nc6 15.
Kh2 e5 16. Nxc6 Bxc6 17. Qd3 b5 18. a3 Rfd8 19. Bg5 Ne8 20. Be3 h6 21. Qe2 Nf6
22. Rcd1 d5 23. exd5 Bxd5 24. Nf3 Bc4 25. Qc2 Bd6 26. Nh4 Bc5 27. Nf5 Re8 28.
Bxc5 Qxc5 29. Nd6 Be6 30. Nxc8 Rxc8 31. Rd2 Bc4 32. Red1 Qc7 33. Rd6 a5 34. Rc6
Qb8 35. Rxc8+ Qxc8 36. a4 bxa4 37. Qxa4 Qc5 38. Rd8+ Kh7 39. Qc2+ g6 40. Ra8 e4
41. Bxe4 Nxe4 42. Qxe4 Qxf2+ 43. Qg2 Qxg2+ 44. Kxg2 Bd5+ 45. Kf2 Bxa8 0-1

[Event "Mistrzostwa Woj. Podkarpackiego w szacha"]
[Site "Pstragowa"]
[Date "2015.??.??"]
[Round "3.8"]
[White "Stefanski, Adam"]
[Black "Kadziela, Andrzej"]
[Result "0-1"]
[WhiteElo "1313"]
[BlackElo "1561"]
[PlyCount "64"]
[EventDate "2015.??.??"]

1. e4 c6 2. d4 Na6 3. Nc3 Nc7 4. Nf3 g6 5. Bc4 Nh6 6. Be3 d5 7. exd5 cxd5 8.
Bb3 Bg7 9. Qd2 Ng4 10. Bf4 Nf6 11. Bxc7 Qxc7 12. Nxd5 Nxd5 13. Bxd5 O-O 14. Bb3
Bg4 15. O-O-O a5 16. Ba4 Rab8 17. c3 b5 18. Bc2 b4 19. h4 Bxf3 20. gxf3 Rfc8
21. cxb4 Rxb4 22. b3 Bh6 23. Kb2 Bxd2 24. Rxd2 Rxd4 25. Rxd4 Qxc2+ 26. Ka3 Qc5+
27. b4 Qxd4 28. bxa5 Rc3+ 29. Kb2 Qd2+ 30. Kb1 Ra3 31. a6 Rxa2 32. f4 Qc2# 0-1

[Event "Mistrzostwa Woj. Podkarpackiego w szacha"]
[Site "Pstragowa"]
[Date "2015.??.??"]
[Round "3.9"]
[White "Kozak, Antoni"]
[Black "Dzwierzynski, Bartosz"]
[Result "1/2-1/2"]
[WhiteElo "1440"]
[BlackElo "1411"]
[PlyCount "103"]
[EventDate "2015.??.??"]

1. Nf3 d5 2. c4 e6 3. g3 c6 4. cxd5 exd5 5. d4 f5 6. Bg2 Nf6 7. O-O Bd6 8. Bg5
O-O 9. Nc3 Be6 10. Rb1 Nbd7 11. b4 h6 12. Bxf6 Nxf6 13. Na4 Ne4 14. Nc5 Bxc5
15. bxc5 Nc3 16. Qd3 Nxb1 17. Rxb1 Rb8 18. Qa3 a6 19. Qe3 Bf7 20. Ne5 Re8 21.
Qf4 Be6 22. Bh3 Qg5 23. Kh1 Qxf4 24. gxf4 Kh7 25. Rg1 Bc8 26. Rb1 Be6 27. Rg1
b6 28. Rg6 Kh8 29. Nd3 bxc5 30. Nxc5 Bc8 31. e3 Rb2 32. Kg1 Rxa2 33. Rxc6 a5
34. Rd6 a4 35. Rxd5 a3 36. Bxf5 Bxf5 37. Rxf5 Ra1+ 38. Kg2 a2 39. Nb3 Rb1 40.
Ra5 Rxb3 41. Rxa2 Kg8 42. Rd2 Kf7 43. Kf3 Ke6 44. Ra2 Rd8 45. Ke4 Rd6 46. Rc2
Rb5 47. Kf3 g5 48. fxg5 Rxg5 49. h4 Rf5+ 50. Kg4 h5+ 51. Kg3 Kd7 52. f4 1/2-1/2